Goal of the year - NHL - Statistics

General Stats
  • This quiz has been taken 9 times
  • The average score is 10 of 22
Answer Stats
Years Player Team % Correct
2006 Alex Ovechkin WSH
100%
2009 Alex Ovechkin WSH
100%
2016 Connor Mcdavid EDM
100%
2020 Aleksander Barkov FLA
86%
2024 Cole Caufield MTL
86%
2012 Evgeni Malkin PIT
86%
2007 Jonathan Toews CHI
86%
2008 Rick Nash CBJ
86%
2011 Bobby Ryan ANA
43%
2010 Jordan Eberle EDM
43%
2019 Matthew Tkachuk CGY
43%
2021 Trevor Zegras ANA
43%
2013 Tomas Hertl SJS
29%
2014 Vladimir Tarasenko STL
29%
2022 Kevin Fiala LAK
14%
2023 Linus Ullmark BOS
14%
2005 Marek Malik NYR
14%
2003 Maxim Afinogenov BUF
14%
2017 Mike Hoffman OTT
14%
2015 Dimitri Orlov WSH
0%
2018 Matt Duchene OTT
0%
2004 Peter Schaeffer OTT
0%
No matching quizzes found
Score Distribution
Percent of People with Each Score
Percentile by Number Answered
Your Score History
You have not taken this quiz